000 00480nam a2200205Ia 4500
003 OSt
005 20260220163811.0
008 210210b1927 xxu||||| |||| 00| 0 eng d
040 _cAL
041 _aeng
082 _a829/55
100 _aBaring M
_9256202
245 _aTinkers leave
260 _aLondon
_bWilliam Heinemann Ltd
_c1927
650 _aTinkers
_9256203
650 _aleave
_9256204
690 _aEnglish Fiction
_9256205
906 _a016665
942 _2ddc
_cBK
999 _c136322
_d136322